| 000 | 00358nam a2200133Ia 4500 | ||
|---|---|---|---|
| 008 | 150202s9999 xx 000 0 und d | ||
| 020 | _a743266226 | ||
| 050 |
_aFIC _bFIC |
||
| 100 | _aPicknett, Lynn. | ||
| 245 | 4 |
_aThe templar revelation _cLynn Picknett. |
|
| 260 |
_aNew York : _bTouchstone, _c1997. |
||
| 300 |
_a431 pages : _c18 cm. |
||
| 650 | _aFiction. | ||
| 999 |
_c282337 _d282337 |
||